000 00503nam a22001817a 4500
003 LK-CoMWRAF
005 20231019114844.0
008 231019b |||||||| |||| 00| 0 eng d
040 _aLK-CoMWRAF
_dLK-CoMWRAF
_eLK-CoMWRAF
041 _aeng
082 _a828.914
_bTIL
100 _aTilak, Reghukul
245 _aNew Indian English poets and poetry
260 _aNew Delhi :
_bRama,
_c1982.
300 _aviii,152p.
650 _aCriticism and interpretation--Indian poetry (English)
942 _cBK
999 _c3939
_d3939